[Event "Olomouc Chess Summer 2011 - Open Olomouc"]
[Site "Olomouc"]
[Date "2011.08.10"]
[Round "8.12"]
[White "Farnault, Eric"]
[Black "Chudinovskikh, Alexander M"]
[Result "0-1"]
[WhiteElo "2065"]
[BlackElo "2302"]
[PlyCount "120"]
[EventDate "2011.08.04"]

1. e4 e5 2. Nf3 Nc6 3. d4 exd4 4. Nxd4 d6 5. Nxc6 bxc6 6. Bc4 Be7 7. Nc3 Nf6 8.
Bf4 Nd7 9. O-O O-O 10. Bg3 Rb8 11. Rb1 Bf6 12. Qd2 Re8 13. Rfe1 g6 14. a3 Bg7
15. h4 Ne5 16. Be2 h5 17. b3 Qf6 18. Nd1 Be6 19. Ne3 Ng4 20. Nxg4 hxg4 21. Qf4
Re7 22. Bd3 Rbe8 23. Kf1 Qxf4 24. Bxf4 Bc3 25. Red1 Bf6 26. g3 Kg7 27. Bc1 c5
28. Bb2 Bd7 29. Bxf6+ Kxf6 30. b4 cxb4 31. Rxb4 a5 32. Rb7 Bc6 33. Ra7 a4 34.
Rb1 Ra8 35. Rxa8 Bxa8 36. Rb4 Bc6 37. Rc4 Bb5 38. Rb4 Bd7 39. Rb7 Bc6 40. Rb4
Be8 41. Rb7 g5 42. hxg5+ Kxg5 43. Bb5 Bxb5+ 44. Rxb5+ c5 45. Rb6 Rxe4 46. Rxd6
Rc4 47. Ra6 Kf5 48. Ke1 Rxc2 49. Rxa4 c4 50. Ra7 f6 51. Re7 Ra2 52. Re3 Rc2 53.
a4 Ra2 54. f3 Rxa4 55. f4 Rb4 56. Kd2 Rb3 57. Ke2 Rxe3+ 58. Kxe3 c3 59. Kd3 c2
60. Kxc2 Ke4 0-1

[Event "Olomouc Chess Summer 2011 - Open Olomouc"]
[Site "Olomouc"]
[Date "2011.08.10"]
[Round "8.13"]
[White "Beil, Ondrej"]
[Black "Sochorova, Petra"]
[Result "0-1"]
[WhiteElo "1958"]
[BlackElo "2204"]
[PlyCount "56"]
[EventDate "2011.08.04"]

1. e4 e6 2. d4 d5 3. e5 c5 4. c3 Nc6 5. Nf3 Bd7 6. Nbd2 cxd4 7. cxd4 f6 8. Nb3
fxe5 9. Nxe5 Nf6 10. Bd3 Bd6 11. f4 O-O 12. O-O Qb6 13. Kh1 Be8 14. g4 Rd8 15.
Rf3 Ne4 16. Nxc6 Bxc6 17. Be3 Qc7 18. Qf1 Rf7 19. Nc1 Rdf8 20. Ne2 g5 21. f5 h5
22. gxh5 exf5 23. h3 f4 24. Bc1 Ng3+ 25. Nxg3 fxg3 26. Be2 Bb5 27. Rxf7 Rxf7
28. Qe1 Re7 0-1

[Event "Olomouc Chess Summer 2011 - Open Olomouc"]
[Site "Olomouc"]
[Date "2011.08.10"]
[Round "8.14"]
[White "Schmid, Thomas"]
[Black "Meduna, Eduard"]
[Result "0-1"]
[WhiteElo "2190"]
[BlackElo "1958"]
[PlyCount "102"]
[EventDate "2011.08.04"]

1. e4 c5 2. Nf3 Nc6 3. Bb5 d6 4. O-O Nf6 5. e5 dxe5 6. Nxe5 Qc7 7. Qf3 Bd7 8.
Nxd7 Nxd7 9. Bxc6 bxc6 10. b3 Ne5 11. Qe3 g6 12. Nc3 c4 13. h3 cxb3 14. axb3
Bg7 15. Ba3 O-O 16. Bc5 a6 17. Ra4 Rfe8 18. Rfa1 Nd7 19. Rxa6 Rxa6 20. Rxa6
Nxc5 21. Qxc5 Qf4 22. Qe3 Qd6 23. Ra4 Rd8 24. Ne4 Qd5 25. d3 h5 26. Qc5 Qe6 27.
Qc4 Qd7 28. Ra6 Rc8 29. Qa4 Be5 30. Ra7 Qe6 31. Qc4 Qf5 32. Ra5 Bh2+ 33. Kxh2
Qxa5 34. h4 Qd5 35. Qc3 c5 36. Qd2 Kg7 37. Qe3 Qe5+ 38. f4 Qd4 39. Qf3 e6 40.
Kg3 Re8 41. Qf2 e5 42. f5 Qxf2+ 43. Kxf2 gxf5 44. Nd6 Re6 45. Nxf5+ Kg6 46. Ng3
f5 47. Ne2 Ra6 48. Ke3 Ra2 49. Kd2 f4 50. g3 f3 51. Nc3 Rxc2+ 0-1

[Event "Olomouc Chess Summer 2011 - Open Olomouc"]
[Site "Olomouc"]
[Date "2011.08.10"]
[Round "8.15"]
[White "Janyska, Pavel"]
[Black "Svancara, Petr"]
[Result "1/2-1/2"]
[WhiteElo "2017"]
[BlackElo "2152"]
[PlyCount "77"]
[EventDate "2011.08.04"]

1. e4 g6 2. f4 Bg7 3. Nf3 c5 4. Nc3 Nc6 5. Bc4 e6 6. f5 Nge7 7. fxe6 dxe6 8.
O-O O-O 9. d3 Na5 10. Bb3 Nxb3 11. axb3 Nc6 12. Bg5 f6 13. Be3 Nd4 14. Na4 b6
15. b4 Nxf3+ 16. Rxf3 cxb4 17. Nxb6 Rb8 18. Nxc8 Qxc8 19. Rxa7 Qc6 20. Qd2 Rfc8
21. Rf2 f5 22. exf5 exf5 23. d4 Qe4 24. Ra1 Re8 25. Rf3 Rbd8 26. c3 b3 27. Bh6
Bxh6 28. Qxh6 Ra8 29. Rxa8 Qxa8 30. Qd2 Qa6 31. Kf2 Re4 32. g3 Qa1 33. Kg2 Re1
34. Re3 Rxe3 35. Qxe3 Qxb2+ 36. Kf3 Qc2 37. Qe8+ Kg7 38. Qe7+ Kg8 39. Qe8+
1/2-1/2

[Event "Olomouc Chess Summer 2011 - Open Olomouc"]
[Site "Olomouc"]
[Date "2011.08.10"]
[Round "8.16"]
[White "Heppell, Ian N"]
[Black "Marek, Matyas"]
[Result "1/2-1/2"]
[WhiteElo "2136"]
[BlackElo "1866"]
[PlyCount "54"]
[EventDate "2011.08.04"]

1. e4 c5 2. Nc3 e6 3. f4 Nc6 4. Nf3 d5 5. Bb5 d4 6. Ne2 Nge7 7. O-O a6 8. Bxc6+
Nxc6 9. d3 f6 10. Ng3 Bd7 11. Nh4 Qe7 12. f5 O-O-O 13. fxe6 Bxe6 14. a3 Ne5 15.
Bf4 g6 16. Qd2 Qd7 17. Bxe5 fxe5 18. Nf3 Bg7 19. Qa5 Qc7 20. Qxc7+ Kxc7 21. Ng5
Kd6 22. Nf7+ Bxf7 23. Rxf7 Rd7 24. Raf1 Rhd8 25. Ne2 Rxf7 26. Rxf7 Rd7 27.
Rxd7+ Kxd7 1/2-1/2

[Event "Olomouc Chess Summer 2011 - Seniors Open"]
[Site "Olomouc (CZE), Hotel Sigma"]
[Date "2011.08.10"]
[Round "8.1"]
[White "Golcman, Evgeny"]
[Black "Wojcieszyn, Zdzislaw"]
[Result "1-0"]
[WhiteElo "2291"]
[BlackElo "2020"]
[PlyCount "120"]
[EventDate "2011.08.04"]

1. c4 e6 2. Nf3 d5 3. d4 c6 4. Qb3 Qb6 5. c5 Qxb3 6. axb3 Nd7 7. b4 b5 8. Bf4
Ngf6 9. Nbd2 Be7 10. Nb3 Nh5 11. Bd2 Bd8 12. Ne5 Nxe5 13. dxe5 f5 14. e3 g6 15.
Be2 Ng7 16. Nd4 Kd7 17. O-O Bc7 18. Bc3 Bb7 19. Rfd1 a6 20. f3 Ke7 21. Nb3 Rad8
22. Nc1 Rhf8 23. Nd3 Rd7 24. Be1 g5 25. Bc3 Rdd8 26. g3 Rg8 27. Kf2 Rdf8 28.
Rh1 h6 29. Ke1 h5 30. h3 Rh8 31. Kd2 Bd8 32. Rh2 Kd7 33. Kc2 Ke8 34. Rf1 Bc8
35. Rfh1 Kf7 36. f4 Rh6 37. Bd2 Rg6 38. fxg5 Bxg5 39. Rg1 Rh8 40. Rhg2 Bh6 41.
Ne1 Bg5 42. Bd3 Rg8 43. Nf3 Be7 44. Nd4 Bd7 45. Ra1 Ra8 46. Rgg1 Ne8 47. Be2
Kg7 48. Raf1 Kg8 49. Bf3 Ra7 50. Ra1 h4 51. g4 fxg4 52. hxg4 Bg5 53. Be2 Bc8
54. Bd3 Rh6 55. Nf3 Bd8 56. e4 Rh8 57. Rh1 Rf7 58. Rh3 Ra7 59. Rah1 Rf7 60. Kd1
Ra7 1-0

[Event "Olomouc Chess Summer 2011 - Seniors Open"]
[Site "Olomouc (CZE), Hotel Sigma"]
[Date "2011.08.10"]
[Round "8.2"]
[White "Hermansen, Henning W"]
[Black "Sejkora, Vlastimil"]
[Result "0-1"]
[WhiteElo "2005"]
[BlackElo "2212"]
[PlyCount "56"]
[EventDate "2011.08.04"]

1. d4 g6 2. e4 Bg7 3. Nc3 c6 4. Nf3 d6 5. h3 Nf6 6. Bf4 O-O 7. Qd2 b5 8. Bd3 b4
9. Ne2 a5 10. O-O Nbd7 11. c3 c5 12. Rad1 Qb6 13. Rfe1 Bb7 14. d5 Rfe8 15. Ng3
Ba6 16. Bxa6 Qxa6 17. Bh6 Bh8 18. e5 Nxe5 19. Nxe5 dxe5 20. Rxe5 Ng4 21. Re4
Nxh6 22. Qxh6 Bg7 23. Qd2 Rad8 24. c4 f5 25. Rh4 Qf6 26. Rf4 Bh6 27. Ne4 Qe5
28. Nxc5 Bxf4 0-1

[Event "Olomouc Chess Summer 2011 - Seniors Open"]
[Site "Olomouc (CZE), Hotel Sigma"]
[Date "2011.08.10"]
[Round "8.3"]
[White "Gosek, Zenon"]
[Black "Zoltek, Tadeusz"]
[Result "0-1"]
[WhiteElo "2059"]
[BlackElo "2163"]
[PlyCount "90"]
[EventDate "2011.08.04"]

1. f4 c5 2. Nf3 Nc6 3. g3 g6 4. Bg2 Bg7 5. O-O Nf6 6. d3 O-O 7. c3 d6 8. e4 Bd7
9. Nbd2 Qc8 10. a4 Rb8 11. Nc4 b6 12. Bd2 a6 13. Nh4 b5 14. axb5 axb5 15. Ne3
b4 16. f5 bxc3 17. bxc3 Ne5 18. d4 Nd3 19. Rb1 Qa6 20. Ra1 Qc8 21. Rb1 cxd4 22.
Rxb8 Qxb8 23. cxd4 Qb2 24. d5 Bb5 25. fxg6 hxg6 26. Kh1 Ra8 27. Be1 Ra1 28. Qc2
Qxc2 29. Nxc2 Rc1 30. Nd4 Nf2+ 31. Bxf2 Bxf1 32. Bxf1 Rxf1+ 33. Kg2 Rd1 34. Kf3
Nd7 35. Nc6 Bf6 36. Ke2 Ra1 37. Nf3 Ra2+ 38. Kf1 Ra4 39. Bd4 Kf8 40. Ke2 Bxd4
41. Ncxd4 Ra3 42. Nc6 Nf6 43. Nd2 Ra2 44. Kd3 Ng4 45. h4 Ra3+ 0-1